000 00554nam a22001817a 4500
005 20251108174546.0
008 250721s9999 xx 000 0 ara d
082 1 4 _a616.12/هام
100 1 _aهامبتون، جون
_eمترجم
245 1 0 _a150 مشكلة في تخطيط القلب الكهربائي /
264 1 _aدمشق :
_bدار المنجد،
300 _a309
650 1 7 _aالقلب
650 1 7 _aتخطيط القلب الكهربااي
700 1 _aالقائد، حسان
_eمترجم
942 _2ddc
_cBK
999 _c112215
_d112215